[Event "4th Budapest Open"]
[Site "Budapest, Hungary"]
[Date "2014.08.23"]
[Round "8.16"]
[White "Ruck, Robert"]
[Black "Rajcsanyi, Peter"]
[Result "1-0"]
[WhiteElo "2027"]
[BlackElo "1860"]
[PlyCount "109"]
[EventDate "2014.??.??"]

1. e4 c5 2. Nf3 d6 3. Bb5+ Nd7 4. O-O Ngf6 5. Re1 a6 6. Bf1 e5 7. c3 Be7 8. d4
O-O 9. dxc5 dxc5 10. Bg5 Qc7 11. a4 b6 12. Na3 Bb7 13. Bd3 Rad8 14. Qc2 Rfe8
15. Rad1 Nf8 16. Nc4 Ng6 17. Qb3 Nd7 18. Bxe7 Rxe7 19. g3 Bc6 20. Ne3 Nf6 21.
Bxa6 Rxd1 22. Rxd1 Nxe4 23. Nd5 Bxd5 24. Qxd5 Nf6 25. Qd8+ Ne8 26. Bb5 Kf8 27.
Qxc7 Rxc7 28. Rd8 Re7 29. Ng5 f6 30. Nxh7+ Kg8 31. Nxf6+ gxf6 32. Rxe8+ Rxe8
33. Bxe8 Ne7 34. Kf1 Nd5 35. Bc6 Nc7 36. Ke2 Kf7 37. h4 f5 38. f3 Ke6 39. g4 e4
40. gxf5+ Kxf5 41. Bxe4+ Kf4 42. Kd3 Ne6 43. b4 Ke5 44. Kc4 Kd6 45. h5 cxb4 46.
h6 Ng5 47. h7 Nf7 48. cxb4 Kc7 49. a5 bxa5 50. bxa5 Kb8 51. Kb5 Ka7 52. Bg6 Nh8
53. Be8 Kb7 54. a6+ Ka7 55. Ka5 1-0

[Event "4th Budapest Open"]
[Site "Budapest, Hungary"]
[Date "2014.08.23"]
[Round "8.17"]
[White "Bellan, Istvan"]
[Black "Birovecz, Ben Jordan"]
[Result "1-0"]
[WhiteElo "1884"]
[BlackElo "1410"]
[PlyCount "83"]
[EventDate "2014.??.??"]

1. Nf3 d5 2. g3 Nf6 3. Bg2 c5 4. d3 Nc6 5. O-O e6 6. c4 Be7 7. Na3 a6 8. e3 O-O
9. Qe2 Re8 10. h3 h6 11. b3 Qa5 12. Bb2 b5 13. Nc2 Qc7 14. Nd2 Rd8 15. e4 bxc4
16. dxc4 d4 17. Ne1 Bb7 18. Nd3 a5 19. f4 Nb4 20. Rfc1 Nxd3 21. Qxd3 Bc6 22. a4
Qb7 23. Bf3 Nd7 24. Rf1 Nb8 25. Rf2 Na6 26. Ba3 Nb4 27. Bxb4 Qxb4 28. Rc1 Rab8
29. Kh2 Qb6 30. Bd1 Qc7 31. Nf3 Rf8 32. Bc2 f6 33. Rcf1 Rbd8 34. Nh4 f5 35.
exf5 Bxh4 36. fxe6 Rfe8 37. Qh7+ Kf8 38. Qh8+ Ke7 39. Qxg7+ Kd6 40. Qe5+ Ke7
41. Qxc7+ Bd7 42. gxh4 1-0

[Event "4th Budapest Open"]
[Site "Budapest, Hungary"]
[Date "2014.08.23"]
[Round "8.18"]
[White "Pakh, Alex"]
[Black "Dal Bianco, Nicola"]
[Result "1/2-1/2"]
[WhiteElo "1883"]
[BlackElo "1633"]
[PlyCount "54"]
[EventDate "2014.??.??"]

1. d4 f5 2. g3 g6 3. Bg2 Nf6 4. Nf3 Bg7 5. O-O O-O 6. Nbd2 d6 7. Re1 Nc6 8. e4
fxe4 9. Nxe4 Nxe4 10. Rxe4 Bf5 11. Re1 Bg4 12. c3 Qd7 13. Qb3+ Kh8 14. Ng5 e5
15. dxe5 Nxe5 16. Qxb7 Rae8 17. f4 Nf3+ 18. Nxf3 Bxf3 19. Rxe8 Bxb7 20. Rxf8+
Bxf8 21. Bxb7 Qb5 22. Bf3 Qd3 23. Kf2 d5 24. Be3 c6 25. Re1 h5 26. Bd4+ Kg8 27.
Re6 Qc2+ 1/2-1/2

[Event "4th Budapest Open"]
[Site "Budapest, Hungary"]
[Date "2014.08.23"]
[Round "8.20"]
[White "Horvath, Csaba"]
[Black "Szurkos, Andras"]
[Result "1-0"]
[WhiteElo "1839"]
[BlackElo "1775"]
[PlyCount "149"]
[EventDate "2014.??.??"]

1. e4 e5 2. Nf3 Nc6 3. Bb5 Nd4 4. Bc4 Nxf3+ 5. Qxf3 Nf6 6. c3 d6 7. d4 Bg4 8.
Qd3 c6 9. O-O h6 10. Nd2 g5 11. Re1 Bg7 12. Nf1 Nh5 13. h3 Be6 14. d5 Bd7 15.
b4 Qe7 16. Ng3 Nf4 17. Bxf4 gxf4 18. Nf5 Bxf5 19. exf5 O-O 20. Qe4 Qf6 21. Rac1
Rac8 22. Bb3 c5 23. b5 b6 24. a4 Qd8 25. Bc2 Qf6 26. c4 Kh8 27. Ra1 Rb8 28. Ra3
Kg8 29. Rea1 Rfd8 30. a5 Qg5 31. axb6 axb6 32. Ra7 Bf6 33. R1a6 Qg7 34. Bd1 Qg5
35. Bf3 Kg7 36. Rc7 Ra8 37. Raa7 Rxa7 38. Rxa7 Rb8 39. Qb1 Re8 40. Qe4 Be7 41.
Rb7 Ra8 42. Rxb6 Kf6 43. Ra6 Qg8 44. Qb1 Qc8 45. Qa1 Rb8 46. Be4 Qg8 47. Qa5 f3
48. Bxf3 Kxf5 49. Qc7 Qd8 50. b6 Kf4 51. Ra7 Rxb6 52. Qxe7 Qxe7 53. Rxe7 f5 54.
Rf7 e4 55. Bg4 Rb1+ 56. Kh2 Ke5 57. Rxf5+ Kd4 58. Rf6 Kxc4 59. Rxd6 Kd3 60. Rd8
c4 61. d6 Rb6 62. d7 c3 63. Rc8 Rd6 64. d8=Q Rxd8 65. Rxd8+ Kc2 66. Bf5 Kb2 67.
Rb8+ Kc1 68. Bxe4 Kd2 69. Rc8 h5 70. Kg3 Ke2 71. h4 Kd2 72. Kf3 Ke1 73. Rxc3
Kd2 74. Rc4 Kd1 75. Ke3 1-0

[Event "4th Budapest Open"]
[Site "Budapest, Hungary"]
[Date "2014.08.23"]
[Round "8.21"]
[White "Szlenka, Attila"]
[Black "Bartuszek, Andras"]
[Result "1/2-1/2"]
[WhiteElo "1775"]
[BlackElo "1884"]
[PlyCount "22"]
[EventDate "2014.??.??"]

1. d4 Nf6 2. c4 g6 3. Nc3 d5 4. cxd5 Nxd5 5. e4 Nxc3 6. bxc3 Bg7 7. Bc4 c5 8.
Ne2 O-O 9. Be3 Nc6 10. O-O Bg4 11. f3 Na5 1/2-1/2

[Event "4th Budapest Open"]
[Site "Budapest, Hungary"]
[Date "2014.08.23"]
[Round "8.22"]
[White "Tapp, Ashley"]
[Black "Kalmar, Karoly"]
[Result "0-1"]
[WhiteElo "1646"]
[BlackElo "1942"]
[PlyCount "84"]
[EventDate "2014.??.??"]

1. d4 d5 2. c4 dxc4 3. Nf3 Nf6 4. e3 e6 5. Bxc4 a6 6. a3 b5 7. Bd3 Bb7 8. b4
Be7 9. O-O O-O 10. Bb2 Nbd7 11. Qe2 Re8 12. Nbd2 Bd6 13. e4 e5 14. d5 c6 15.
dxc6 Bxc6 16. Nb3 Rc8 17. Rfd1 Qb6 18. Nfd2 Ba8 19. Kh1 Nf8 20. Nf1 Ne6 21. f3
h6 22. Qe3 Qb8 23. Rac1 Nd7 24. Qd2 Rxc1 25. Bxc1 Nd4 26. Bc2 Nb6 27. Nxd4 Nc4
28. Qf2 Qb6 29. Bxh6 exd4 30. Bc1 a5 31. Qxd4 Qxd4 32. Rxd4 axb4 33. axb4 Bxb4
34. Nd2 Bc5 35. Rd3 Ne5 36. Rb3 b4 37. Bd3 Bc6 38. Nc4 Ba4 39. Nxe5 Bxb3 40.
Bc4 Bxc4 41. Nxc4 Rd8 42. Bd2 Rd4 0-1

[Event "4th Budapest Open"]
[Site "Budapest, Hungary"]
[Date "2014.08.23"]
[Round "8.23"]
[White "Gal, Janos"]
[Black "Csermely, Zoltan"]
[Result "1-0"]
[WhiteElo "1948"]
[BlackElo "1656"]
[PlyCount "67"]
[EventDate "2014.??.??"]

1. d4 Nf6 2. c4 e6 3. Nc3 d5 4. Nf3 b6 5. Bf4 a6 6. e3 Bb7 7. Rc1 Bd6 8. Bg5
Nbd7 9. cxd5 exd5 10. Bd3 h6 11. Bh4 g5 12. Bg3 Qe7 13. Qb3 O-O 14. Bf5 c6 15.
O-O Bxg3 16. hxg3 Qd6 17. Bxd7 Nxd7 18. e4 dxe4 19. Nxe4 Qg6 20. Nc3 c5 21. Na4
Bxf3 22. Qxf3 cxd4 23. Rc6 Qg7 24. Qf5 Ne5 25. Rxb6 Rfd8 26. f4 Nc4 27. fxg5
Nxb6 28. gxh6 Qxg3 29. Qxf7+ Kh8 30. Qf6+ Kg8 31. Rf3 Qc7 32. Nxb6 Rd6 33. h7+
Qxh7 34. Rg3+ 1-0

[Event "4th Budapest Open"]
[Site "Budapest, Hungary"]
[Date "2014.08.23"]
[Round "8.24"]
[White "Karacsonyi, Gellert"]
[Black "Mihajlova, Diana"]
[Result "1-0"]
[WhiteElo "1806"]
[BlackElo "1492"]
[PlyCount "87"]
[EventDate "2014.??.??"]

1. e4 d5 2. exd5 Nf6 3. d4 Bg4 4. Nf3 Qxd5 5. Be2 Nc6 6. Be3 Qh5 7. h3 O-O-O 8.
Rg1 Bxf3 9. Bxf3 Qa5+ 10. c3 Nxd4 11. Bxd4 e5 12. Qb3 e4 13. Bxf6 exf3 14. Bxd8
Qe5+ 15. Kd1 Qe2+ 16. Kc1 Bc5 17. Rd1 fxg2 18. Bh4 Bxf2 19. Bxf2 Qxf2 20. Qd5
Qe3+ 21. Kc2 Qxh3 22. Na3 c6 23. Qd3 Qh2 24. Qd7+ Kb8 25. Qd6+ Qxd6 26. Rxd6 f5
27. Rg1 f4 28. Rxg2 f3 29. Rf2 Rf8 30. Rd3 g5 31. Rdxf3 Rxf3 32. Rxf3 g4 33.
Rg3 h5 34. Nc4 Kc7 35. Ne5 Kd6 36. Nxg4 hxg4 37. Rxg4 b5 38. c4 b4 39. a3 a5
40. axb4 axb4 41. Kb3 Kc5 42. Rg5+ Kd4 43. Kxb4 c5+ 44. Kb5 1-0

[Event "4th Budapest Open"]
[Site "Budapest, Hungary"]
[Date "2014.08.23"]
[Round "8.26"]
[White "Bartok, David Dominik"]
[Black "Liptak, Tibor"]
[Result "0-1"]
[WhiteElo "1492"]
[BlackElo "1827"]
[PlyCount "46"]
[EventDate "2014.??.??"]

1. e4 e5 2. Nf3 Nc6 3. Bb5 Nd4 4. Nxd4 exd4 5. O-O c6 6. Bc4 Nf6 7. e5 d5 8.
exf6 dxc4 9. fxg7 Bxg7 10. Re1+ Be6 11. d3 O-O 12. dxc4 Bxc4 13. Bf4 Qd7 14.
Be5 Bxe5 15. Rxe5 f6 16. Re4 Rad8 17. Na3 Be6 18. Qe2 Rfe8 19. Rd1 Bf5 20.
Rdxd4 Rxe4 21. Rxd7 Rxd7 22. Qf1 Red4 23. Nc4 Rd1 0-1

[Event "4th Budapest Open"]
[Site "Budapest, Hungary"]
[Date "2014.08.23"]
[Round "8.27"]
[White "Gorog, Almos"]
[Black "Toth, Nikoletta"]
[Result "1-0"]
[WhiteElo "1627"]
[BlackElo "1193"]
[PlyCount "111"]
[EventDate "2014.??.??"]

1. c4 Nf6 2. g3 c5 3. Nf3 g6 4. Bg2 Bg7 5. O-O O-O 6. Nc3 Nc6 7. d4 d6 8. dxc5
dxc5 9. Be3 Nd7 10. Qc1 Rb8 11. Rd1 b6 12. Bf4 e5 13. Bg5 Qc7 14. Nd5 Qb7 15.
Ne7+ Nxe7 16. Bxe7 Re8 17. Bd6 e4 18. Nd2 Ra8 19. Qc2 Nf6 20. Bf4 Bd7 21. Rab1
Rad8 22. b4 cxb4 23. Rxb4 Rc8 24. Bg5 Nd5 25. Rbb1 Nc3 26. Nxe4 Ba4 27. Qxa4
Nxe4 28. c5 h6 29. Be3 Qe7 30. Qxe4 Qxe4 31. Bxe4 Rxe4 32. cxb6 axb6 33. Rxb6
Ra4 34. Rd2 Rca8 35. Rb7 Rxa2 36. Rdd7 Rf8 37. Bc5 Rc8 38. Rxf7 Bh8 39. Be3
Rxe2 40. Bxh6 Bd4 41. Bg7 Bxg7 42. Rxg7+ Kh8 43. Rxg6 Rce8 44. Rb5 R2e5 45.
Rxe5 Rxe5 46. f4 Kh7 47. fxe5 Kxg6 48. Kf2 Kf5 49. Kf3 Kxe5 50. Kg4 Kf6 51. Kh5
Kg7 52. g4 Kh7 53. h4 Kg7 54. Kg5 Kh7 55. Kf6 Kg8 56. g5 1-0

[Event "4th Budapest Open"]
[Site "Budapest, Hungary"]
[Date "2014.08.23"]
[Round "8.28"]
[White "Rzin, Mehdi"]
[Black "Lakatos, Tamas"]
[Result "1-0"]
[WhiteElo "1757"]
[BlackElo "1555"]
[PlyCount "59"]
[EventDate "2014.??.??"]

1. e4 c6 2. d4 d5 3. Nc3 dxe4 4. Nxe4 Bf5 5. Ng3 Bg6 6. h4 h6 7. Nh3 e6 8. Nf4
Bh7 9. Be3 Nd7 10. Bd3 Bxd3 11. Qxd3 Ngf6 12. O-O-O Qc7 13. Kb1 Bd6 14. Nfe2
Nd5 15. c4 Nxe3 16. Qxe3 Bxg3 17. Nxg3 Nb6 18. Qe2 O-O 19. Rh3 Qf4 20. Ka1 Rad8
21. Nh5 Qf5 22. g4 Qg6 23. Rg3 Rd7 24. g5 hxg5 25. Rxg5 Qh6 26. Nxg7 Qxg5 27.
hxg5 Kxg7 28. Rh1 Rfd8 29. Qe5+ Kf8 30. Qf6 1-0

[Event "4th Budapest Open"]
[Site "Budapest, Hungary"]
[Date "2014.08.23"]
[Round "8.29"]
[White "Ronyai, Imre"]
[Black "Karacsonyi, Kata"]
[Result "1-0"]
[WhiteElo "1540"]
[BlackElo "1377"]
[PlyCount "91"]
[EventDate "2014.??.??"]

1. e4 e5 2. Nf3 Nc6 3. Bb5 Nf6 4. Nc3 Bc5 5. O-O d6 6. h3 O-O 7. a3 Be6 8. Ng5
Bd7 9. Kh2 h6 10. Nf3 Be6 11. Na4 Nxe4 12. Nxc5 Nxc5 13. d4 Nxd4 14. Nxd4 exd4
15. Qxd4 a6 16. Be2 Re8 17. b4 Nd7 18. Bf3 Rb8 19. Be3 Ne5 20. Be2 Qf6 21. Rae1
Qg6 22. f4 Nc6 23. Qd2 Bf5 24. g4 Be4 25. c4 h5 26. f5 Qf6 27. b5 Ne5 28. Bg5
Nxc4 29. Bxc4 Qe5+ 30. Bf4 Qc5 31. Rc1 Qxa3 32. Rc3 Qb4 33. Bxf7+ Kh8 34. Bxe8
Rxe8 35. bxa6 bxa6 36. Rxc7 Qb5 37. Rf2 Qb6 38. Rd7 d5 39. Qb2 Qxb2 40. Rxb2
hxg4 41. hxg4 Kh7 42. Kg3 a5 43. Kh4 Ra8 44. Kg5 a4 45. Be5 Rg8 46. Rh2# 1-0

[Event "4th Budapest Open"]
[Site "Budapest, Hungary"]
[Date "2014.08.24"]
[Round "9.1"]
[White "Szabolcsi, Janos"]
[Black "Zentai, Peter"]
[Result "1/2-1/2"]
[WhiteElo "2324"]
[BlackElo "2236"]
[PlyCount "56"]
[EventDate "2014.??.??"]

1. d4 d5 2. Nf3 Nf6 3. c4 c6 4. Nc3 dxc4 5. e3 b5 6. a4 b4 7. Nb1 a5 8. Bxc4 e6
9. O-O Be7 10. Qe2 O-O 11. Rd1 Nbd7 12. Nbd2 Bb7 13. Nb3 c5 14. Nxc5 Nxc5 15.
dxc5 Qc7 16. h3 Rfd8 17. Rxd8+ Rxd8 18. b3 Bxc5 19. Bb2 Qb6 20. Rc1 h6 21. Ne5
Qd6 22. Bd3 Bb6 23. Rd1 Qe7 24. Nc4 Bc7 25. Rc1 Qd7 26. Rd1 Qe7 27. Rc1 Qd7 28.
Rd1 Qe7 1/2-1/2

[Event "4th Budapest Open"]
[Site "Budapest, Hungary"]
[Date "2014.08.24"]
[Round "9.2"]
[White "Markos, Adam"]
[Black "Kormos, Adam"]
[Result "1/2-1/2"]
[WhiteElo "2135"]
[BlackElo "2144"]
[PlyCount "90"]
[EventDate "2014.??.??"]

1. c4 Nf6 2. Nf3 b6 3. g3 Bb7 4. Bg2 e6 5. O-O h5 6. h4 Be7 7. d4 Ng4 8. Nc3
Nc6 9. Bf4 Bf6 10. Ne4 Ne7 11. Qc2 Ng6 12. Bg5 Qe7 13. Rfd1 Bxe4 14. Qxe4 O-O
15. Bh3 Bxg5 16. hxg5 Qb4 17. b3 b5 18. cxb5 Qxb5 19. Rac1 d5 20. Qd3 Qd7 21.
Qc2 Rac8 22. Qc6 Qe7 23. Rd2 f6 24. gxf6 Qxf6 25. Qd7 Rfd8 26. Qb5 Rb8 27. Qa5
e5 28. dxe5 N6xe5 29. Rxd5 Nxf3+ 30. exf3 Qxf3 31. Bxg4 hxg4 32. Rxd8+ Rxd8 33.
Qxc7 Rd5 34. Qc4 Kh7 35. Re1 Rd2 36. Qe4+ Qxe4 37. Rxe4 Rxa2 38. Rxg4 Ra3 39.
Rb4 a5 40. Rb6 a4 41. bxa4 Rxa4 42. Kg2 Ra3 43. f4 Ra5 44. Rb7 Kh6 45. Rf7 g5
1/2-1/2

[Event "4th Budapest Open"]
[Site "Budapest, Hungary"]
[Date "2014.08.24"]
[Round "9.3"]
[White "Torok, Tamas Titusz"]
[Black "Balint, Vilmos"]
[Result "0-1"]
[WhiteElo "2090"]
[BlackElo "2187"]
[PlyCount "94"]
[EventDate "2014.??.??"]

1. e4 e6 2. c4 d5 3. cxd5 exd5 4. exd5 Nf6 5. Bb5+ Bd7 6. Bc4 Be7 7. Nf3 O-O 8.
Nc3 Bg4 9. h3 Bh5 10. g4 Bg6 11. d3 Re8 12. O-O Nbd7 13. Be3 Nb6 14. Bxb6 axb6
15. Ne5 Bb4 16. Nxg6 hxg6 17. Qf3 Re7 18. Ne4 Nd7 19. a3 Ne5 20. Qg2 Bc5 21.
Nxc5 bxc5 22. Rae1 g5 23. Re4 Ng6 24. Rfe1 Qd6 25. Rxe7 Nxe7 26. Qe4 Ng6 27. d4
Nf4 28. Re3 cxd4 29. Qxd4 c6 30. Bf1 cxd5 31. Qe5 Qd8 32. Rb3 f6 33. Qf5 b6 34.
Bg2 Rc8 35. Kh2 g6 36. Qb1 Qd6 37. Kh1 Kg7 38. Rc3 Rxc3 39. bxc3 Qxa3 40. Qe1
Kf7 41. Bf1 Qe7 42. Qd1 Qe4+ 43. f3 Qe3 44. c4 d4 45. Qa4 Qxf3+ 46. Kg1 Qe3+
47. Kh1 Qe1 0-1

[Event "4th Budapest Open"]
[Site "Budapest, Hungary"]
[Date "2014.08.24"]
[Round "9.4"]
[White "Gal, Tamas"]
[Black "Takacs, Kevin"]
[Result "1-0"]
[WhiteElo "2254"]
[BlackElo "2001"]
[PlyCount "69"]
[EventDate "2014.??.??"]

1. d4 d5 2. c4 e6 3. Nc3 Nf6 4. Bg5 Be7 5. e3 O-O 6. Nf3 b6 7. cxd5 exd5 8. Bd3
Bb7 9. O-O c5 10. dxc5 bxc5 11. Rc1 Nbd7 12. Qe2 Ne4 13. Bxe7 Qxe7 14. Rfd1 f5
15. Ba6 Ndf6 16. Bxb7 Qxb7 17. h3 Rab8 18. b3 Rfe8 19. Qc2 Rbc8 20. Nd2 Kh8 21.
Na4 c4 22. bxc4 Nxd2 23. Qxd2 dxc4 24. Qd4 Qb5 25. Nc3 Qa6 26. Rb1 Ne4 27. Nxe4
Rxe4 28. Qd7 Qe6 29. Qxa7 c3 30. Rb8 h6 31. Rxc8+ Qxc8 32. Qa5 Qe6 33. Qxc3
Qxa2 34. Qc8+ Qg8 35. Rd8 1-0

[Event "4th Budapest Open"]
[Site "Budapest, Hungary"]
[Date "2014.08.24"]
[Round "9.5"]
[White "Yip, Michael"]
[Black "Csala, Imre"]
[Result "1/2-1/2"]
[WhiteElo "1916"]
[BlackElo "2175"]
[PlyCount "69"]
[EventDate "2014.??.??"]

1. d4 Nf6 2. c4 e6 3. Nc3 d5 4. cxd5 exd5 5. Bg5 c6 6. e3 Bd6 7. Qc2 h6 8. Bxf6
gxf6 9. g3 Bg4 10. Bg2 Bh5 11. Nge2 Bg6 12. Qb3 Qb6 13. Qxb6 axb6 14. Kd2 b5
15. Nc1 b4 16. N3e2 Nd7 17. Nd3 Nb6 18. b3 Ra3 19. Nec1 Nd7 20. Rb1 h5 21. h4
Be4 22. Rg1 f5 23. Rb2 Nf6 24. Bh3 Ng4 25. Ke2 Bxd3+ 26. Nxd3 Ke7 27. Rc1 Rha8
28. Rcc2 Kf6 29. Bg2 Kg6 30. Kf1 Nf6 31. Bf3 Ne4 32. Nc1 Nc3 33. Ne2 R3a5 34.
Rd2 Ra3 35. Rd3 1/2-1/2

[Event "4th Budapest Open"]
[Site "Budapest, Hungary"]
[Date "2014.08.24"]
[Round "9.6"]
[White "Bodrogi, Mihaly"]
[Black "Molnar, Laszlo"]
[Result "1-0"]
[WhiteElo "2081"]
[BlackElo "2067"]
[PlyCount "39"]
[EventDate "2014.??.??"]

1. d4 Nf6 2. Nf3 g6 3. Nbd2 Bg7 4. e4 d6 5. Bd3 O-O 6. O-O Nc6 7. c3 e5 8. Re1
Nh5 9. dxe5 Nxe5 10. Bc2 Qf6 11. Nxe5 dxe5 12. Nf1 Rd8 13. Qe2 Nf4 14. Bxf4
Qxf4 15. Rad1 Bg4 16. f3 Bd7 17. Rd2 Bc6 18. Red1 Qf6 19. Ne3 Bh6 20. Ng4 1-0

[Event "4th Budapest Open"]
[Site "Budapest, Hungary"]
[Date "2014.08.24"]
[Round "9.8"]
[White "Ats, Laszlo Gyorgy"]
[Black "Bellan, Istvan"]
[Result "1-0"]
[WhiteElo "2062"]
[BlackElo "1884"]
[PlyCount "106"]
[EventDate "2014.??.??"]

1. d4 Nf6 2. Bf4 e6 3. e3 c5 4. c3 Nc6 5. Nd2 cxd4 6. exd4 b6 7. Ngf3 Bb7 8.
Bd3 Be7 9. Qe2 d6 10. Ng5 Qd7 11. Bc4 d5 12. Bd3 h6 13. Ngf3 Bd6 14. Ne5 Qc7
15. Ndf3 Nh5 16. Bd2 O-O-O 17. b4 g5 18. Nxc6 Bxc6 19. g3 Nf6 20. a4 Ne4 21. a5
g4 22. axb6 axb6 23. Nh4 Nxd2 24. Kxd2 h5 25. f4 Be7 26. Ng2 Kd7 27. Ne3 Ra8
28. Nc2 Rxa1 29. Rxa1 Ra8 30. Rxa8 Bxa8 31. h3 f5 32. hxg4 hxg4 33. Ne1 Bc6 34.
Ba6 Qb8 35. Bb5 Qa8 36. Ba6 Bd6 37. Kc1 Qh8 38. Bd3 Qh3 39. Qf2 Qh1 40. Kb2 Ba4
41. Be2 Kc6 42. Ka3 b5 43. Kb2 Kd7 44. Nd3 Kc6 45. Ne5+ Kc7 46. Nd3 Qe4 47. Ne1
Kb6 48. Bf1 Bd1 49. Kc1 Bf3 50. Qd2 Bxb4 51. cxb4 e5 52. fxe5 f4 53. gxf4 Qg6
1-0

[Event "4th Budapest Open"]
[Site "Budapest, Hungary"]
[Date "2014.08.24"]
[Round "9.10"]
[White "Mester, Attila"]
[Black "Bodrogi, Laszlo"]
[Result "0-1"]
[WhiteElo "2006"]
[BlackElo "1956"]
[PlyCount "94"]
[EventDate "2014.??.??"]

1. e4 e6 2. d3 d5 3. Nd2 Nf6 4. Ngf3 c5 5. g3 Nc6 6. Bg2 Be7 7. O-O O-O 8. Re1
b5 9. e5 Nd7 10. Nf1 a5 11. h4 b4 12. Bf4 Ba6 13. N1h2 a4 14. Ng5 Qe8 15. Qh5
Bxg5 16. Qxg5 h6 17. Qg4 f5 18. exf6 Rxf6 19. Bxd5 Nf8 20. Be4 Rd8 21. Rac1 Ng6
22. Be3 Nge5 23. Qd1 c4 24. f4 Rg6 25. Bxg6 Qxg6 26. Bf2 Nf7 27. Qg4 Qxg4 28.
Nxg4 a3 29. bxa3 bxa3 30. Rxe6 Nb4 31. Rb1 Bc8 32. Re2 Bxg4 33. Re4 cxd3 34.
cxd3 Nxa2 35. Rb3 Nc1 36. Rxa3 Nd6 37. Re1 Rc8 38. Kg2 Rc2 39. d4 Nb5 40. Rae3
Nc3 41. Re8+ Kh7 42. R8e3 Nd1 43. Rxd1 Bxd1 44. Kf1 Be2+ 45. Kg1 Nd3 46. Be1
Nxe1 47. Kf2 Nd3+ 0-1

[Event "4th Budapest Open"]
[Site "Budapest, Hungary"]
[Date "2014.08.24"]
[Round "9.11"]
[White "Lam, Daniel King-wai"]
[Black "Bihari, Mihaly"]
[Result "1/2-1/2"]
[WhiteElo "2114"]
[BlackElo "2005"]
[PlyCount "129"]
[EventDate "2014.??.??"]

1. e4 c5 2. Nf3 Nc6 3. d4 cxd4 4. Nxd4 g6 5. Nc3 Bg7 6. Be3 Nf6 7. Bc4 O-O 8.
Bb3 d6 9. f3 a6 10. Qd2 Nxd4 11. Bxd4 b5 12. O-O-O Be6 13. Bxe6 fxe6 14. e5
dxe5 15. Bxe5 Qxd2+ 16. Kxd2 Bh6+ 17. Ke2 b4 18. Ne4 Nxe4 19. fxe4 Rfc8 20. c3
bxc3 21. Bxc3 Rc4 22. Rd4 Rxd4 23. Bxd4 Bf4 24. g4 Bd6 25. h3 e5 26. Be3 Kf7
27. Rd1 Ke6 28. Rd5 Rc8 29. Ra5 Rc6 30. Kd3 Bc7 31. Rd5 Bd6 32. g5 Rc8 33. Ra5
Rc6 34. b4 Bc7 35. Rd5 Bd6 36. a4 Bc7 37. a5 Bd6 38. b5 axb5 39. Rxb5 Ra6 40.
Kc4 Rc6+ 41. Kd3 Ra6 42. Bd2 Bc7 43. Bb4 Kd7 44. Kc4 e6 45. Kb3 Rc6 46. Bc5 Kc8
47. Kb4 Bd8 48. h4 Bc7 49. Kb3 Bd8 50. Bf8 Bc7 51. Bc5 Ra6 52. Bb4 Rc6 53. Bc3
Ra6 54. Kb4 Bd6+ 55. Ka4 Rc6 56. Bxe5 Rc4+ 57. Kb3 Rc5 58. Rxc5+ Bxc5 59. Bg3
Kb7 60. Kc4 Kc6 61. Be1 Be3 62. Kd3 Bc5 63. Kc4 Be3 64. Kd3 Bc5 65. Kc4 1/2-1/2

[Event "4th Budapest Open"]
[Site "Budapest, Hungary"]
[Date "2014.08.24"]
[Round "9.12"]
[White "Heyl, Thomas"]
[Black "Ruck, Robert"]
[Result "1/2-1/2"]
[WhiteElo "2001"]
[BlackElo "2027"]
[PlyCount "28"]
[EventDate "2014.??.??"]

1. c4 c5 2. g3 Nf6 3. Bg2 d5 4. cxd5 Nxd5 5. Nc3 Nxc3 6. bxc3 Nc6 7. Nf3 e5 8.
O-O Be7 9. Rb1 O-O 10. Qa4 Rb8 11. Rd1 Bf5 12. d3 Qd7 13. Be3 Rfd8 14. Ne1 Bf8
1/2-1/2

[Event "4th Budapest Open"]
[Site "Budapest, Hungary"]
[Date "2014.08.24"]
[Round "9.13"]
[White "Horvath, Dominik"]
[Black "Antal, Attila Dr"]
[Result "1-0"]
[WhiteElo "2004"]
[BlackElo "2048"]
[PlyCount "73"]
[EventDate "2014.??.??"]

1. e4 e5 2. Nf3 Nc6 3. d4 exd4 4. Bc4 Nf6 5. e5 d5 6. Bb5 Ne4 7. Nxd4 Bd7 8.
Bxc6 bxc6 9. O-O Bc5 10. f3 Ng5 11. f4 Ne4 12. Be3 Bb6 13. Nd2 Nxd2 14. Qxd2 c5
15. Nf3 d4 16. Bf2 Bf5 17. Nh4 Qd7 18. Nxf5 Qxf5 19. Qd3 Qxd3 20. cxd3 O-O-O
21. a4 a6 22. a5 Ba7 23. Rac1 Kd7 24. Rc4 Rb8 25. Rfc1 Rhc8 26. R4c2 Rb3 27.
Rd2 Rcb8 28. Re1 Rxb2 29. Rxb2 Rxb2 30. f5 Rd2 31. e6+ fxe6 32. fxe6+ Ke8 33.
Bh4 Rxd3 34. Rb1 Bb6 35. axb6 cxb6 36. Rxb6 g5 37. Bxg5 1-0

[Event "4th Budapest Open"]
[Site "Budapest, Hungary"]
[Date "2014.08.24"]
[Round "9.14"]
[White "Liptak, Tibor"]
[Black "Metaxasz, Vaszilisz"]
[Result "0-1"]
[WhiteElo "1827"]
[BlackElo "2062"]
[PlyCount "26"]
[EventDate "2014.??.??"]

1. e4 c5 2. Nf3 Nc6 3. Bc4 e6 4. O-O d6 5. Re1 Nf6 6. Nc3 Be7 7. d3 O-O 8. a3
a6 9. h3 Rb8 10. Be3 d5 11. exd5 exd5 12. Bf4 dxc4 13. Bxb8 Nxb8 0-1

[Event "4th Budapest Open"]
[Site "Budapest, Hungary"]
[Date "2014.08.24"]
[Round "9.15"]
[White "Lakat, Gyula"]
[Black "Rinyu, Janos"]
[Result "1-0"]
[WhiteElo "1756"]
[BlackElo "1896"]
[PlyCount "53"]
[EventDate "2014.??.??"]

1. e4 b6 2. Nf3 Bb7 3. Nc3 e6 4. a3 c5 5. d4 cxd4 6. Nxd4 a6 7. Be3 Qc7 8. f3
Bd6 9. Ndb5 Bg3+ 10. hxg3 axb5 11. Nxb5 Qxg3+ 12. Bf2 Qe5 13. Nd6+ Ke7 14. Nxb7
Qc7 15. Qd4 Nf6 16. Qxb6 Qxb6 17. Bxb6 d6 18. O-O-O d5 19. Bc5+ Kd7 20. Bb4 Nc6
21. Bb5 Rhb8 22. Nc5+ Kc7 23. Bxc6 Kxc6 24. e5 Ng8 25. Rxh7 Ne7 26. g4 Ng6 27.
Nd3 1-0

[Event "4th Budapest Open"]
[Site "Budapest, Hungary"]
[Date "2014.08.24"]
[Round "9.17"]
[White "Karacsonyi, Gellert"]
[Black "Gal, Janos"]
[Result "1-0"]
[WhiteElo "1806"]
[BlackElo "1948"]
[PlyCount "167"]
[EventDate "2014.??.??"]

1. e4 Nf6 2. e5 Nd5 3. d4 d6 4. c4 Nb6 5. exd6 exd6 6. Nc3 g6 7. Be3 Bg7 8. Bd3
Nc6 9. Nge2 Bg4 10. f3 Bd7 11. O-O Nb4 12. c5 Qe7 13. Be4 dxc5 14. dxc5 Nc4 15.
Bd4 Nxb2 16. Qb3 Bxd4+ 17. Nxd4 Qxc5 18. Nce2 Nc4 19. Rac1 Be6 20. a3 a5 21.
axb4 axb4 22. Kh1 Nd2 23. Qd3 Qd6 24. Qxd2 c5 25. Nb3 Qxd2 26. Nxd2 Ra2 27.
Rxc5 Rxd2 28. Nf4 b6 29. Rc6 Bd7 30. Rxb6 O-O 31. Rxb4 Rc8 32. Nd5 Kg7 33. h3
Rc5 34. Ne3 Be6 35. Rbb1 h5 36. Rbc1 Rb5 37. Rfd1 Ra2 38. Bd5 Bxd5 39. Nxd5
Rbb2 40. Nc3 Ra3 41. Ne4 Raa2 42. Rg1 f5 43. Rc7+ Kh6 44. Nf6 Rf2 45. h4 g5 46.
Ng8+ Kg6 47. hxg5 h4 48. Rc6+ Kxg5 49. Rh6 Ra8 50. Rh8 Re2 51. f4+ Kxf4 52.
Rxh4+ Kg5 53. Rh3 f4 54. Nh6 Rf8 55. Rb1 Re5 56. Rb7 Re1+ 57. Kh2 Ra8 58. Rg7+
Kf6 59. Rf7+ Ke6 60. Rxf4 Raa1 61. Ng4 Rh1+ 62. Kg3 Rxh3+ 63. Kxh3 Rh1+ 64. Nh2
Ra1 65. g4 Rg1 66. Kh4 Rh1 67. Rf2 Ke5 68. Kg5 Ke4 69. Nf1 Rh8 70. Ng3+ Ke3 71.
Rf6 Rg8+ 72. Kh5 Rh8+ 73. Rh6 Rg8 74. g5 Kf4 75. g6 Kxg3 76. Rh7 Ra8 77. Kh6
Kg4 78. Rf7 Rh8+ 79. Kg7 Rb8 80. Kh7 Rb2 81. g7 Rh2+ 82. Kg6 Kh4 83. g8=Q Rg2+
84. Kh7 1-0

[Event "4th Budapest Open"]
[Site "Budapest, Hungary"]
[Date "2014.08.24"]
[Round "9.18"]
[White "Kalmar, Karoly"]
[Black "Di Giovanni, Vilmos"]
[Result "0-1"]
[WhiteElo "1942"]
[BlackElo "1784"]
[PlyCount "40"]
[EventDate "2014.??.??"]

1. e4 d5 2. Nc3 d4 3. Nce2 e5 4. d3 c5 5. g3 Nc6 6. Bg2 Nf6 7. h3 Be6 8. Nf3 h6
9. O-O Qd7 10. Kh2 Be7 11. Nxe5 Nxe5 12. f4 Bxh3 13. Bxh3 Neg4+ 14. Kg2 h5 15.
Ng1 O-O-O 16. Nf3 Kb8 17. Ne5 Qe6 18. f5 Qxe5 19. Bf4 Qxf4 20. Qe2 Qg5 0-1

[Event "4th Budapest Open"]
[Site "Budapest, Hungary"]
[Date "2014.08.24"]
[Round "9.19"]
[White "Dal Bianco, Nicola"]
[Black "Horvath, Csaba"]
[Result "1/2-1/2"]
[WhiteElo "1633"]
[BlackElo "1839"]
[PlyCount "35"]
[EventDate "2014.??.??"]

1. c4 f5 2. Nf3 Nf6 3. g3 g6 4. Bg2 Bg7 5. d4 O-O 6. O-O d6 7. Nc3 Qe8 8. Qb3
Kh8 9. d5 Na6 10. a3 Nc5 11. Qc2 a5 12. a4 Ra6 13. Nb5 Qd8 14. Nfd4 Bd7 15. Nb3
Nxb3 16. Qxb3 c6 17. Nc3 Qc7 18. Be3 1/2-1/2